[Event "11PCR_F"]
[Site "?"]
[Date "2002.??.??"]
[Round "?"]
[White "Pospisil, Ludvik"]
[Black "Boleslav, Petr"]
[Result "1-0"]
[WhiteElo "2390"]
[BlackElo "1735"]
[PlyCount "105"]
[EventDate "2002.??.??"]
[EventType "corr"]
[SourceDate "2004.??.??"]

1. e4 c5 2. Nf3 d6 3. b3 Nf6 4. Nc3 g6 5. Bb2 Bg7 6. e5 dxe5 7. Nxe5 O-O 8. Be2
Bf5 9. O-O Nbd7 10. Nc4 Nb6 11. Ne3 Be6 12. Qc1 Qc7 13. f4 Nfd5 14. Ncxd5 Nxd5
15. Nxd5 Bxd5 16. Bxg7 Kxg7 17. c4 Bc6 18. Qc3+ f6 19. d4 cxd4 20. Qxd4 Rfd8
21. Qe3 e5 22. fxe5 Qxe5 23. Qxe5 fxe5 24. Rad1 Rd4 25. Rxd4 exd4 26. Rd1 Rd8
27. g3 Be4 28. Kf2 g5 29. Ke1 Bc2 30. Rd2 Be4 31. Bf1 Rd7 32. Bg2 Bf5 33. Bd5
Kf6 34. Rxd4 Be6 35. Ke2 b5 36. Kf3 bxc4 37. bxc4 Rd6 38. Rd2 Bxd5+ 39. Rxd5
Ra6 40. Rd2 Kf5 41. g4+ Ke5 42. Rd5+ Kf6 43. Ke4 Rxa2 44. Rd6+ Kf7 45. Rd7+ Kg6
46. c5 Rxh2 47. c6 Rc2 48. Kd5 Rd2+ 49. Ke6 Re2+ 50. Kd6 h5 51. c7 Rc2 52.
gxh5+ Kxh5 53. Rd8 1-0

[Event "11PCR_F"]
[Site "?"]
[Date "2002.??.??"]
[Round "?"]
[White "Nosek, Jaroslav"]
[Black "Jarabinsky, Martin"]
[Result "0-1"]
[WhiteElo "2285"]
[BlackElo "2000"]
[PlyCount "128"]
[EventDate "2002.??.??"]
[EventType "corr"]
[SourceDate "2004.??.??"]

1. e4 c5 2. Nf3 Nc6 3. d4 cxd4 4. Nxd4 e5 5. Nb5 d6 6. c4 Be7 7. Be2 Nf6 8.
N1c3 a6 9. Na3 O-O 10. Be3 Be6 11. O-O Rc8 12. Rc1 g6 13. Qd2 Re8 14. Rfd1 h5
15. Nc2 Ng4 16. Bxg4 hxg4 17. Nd5 Kg7 18. Bh6+ Kh7 19. Nxe7 Qxe7 20. b3 Rh8 21.
Bg5 f6 22. Be3 Rcd8 23. Bb6 Rd7 24. Ne3 f5 25. exf5 gxf5 26. Nd5 Qh4 27. Nc7
Bf7 28. Rc3 Kg7 29. h3 f4 30. Qe2 f3 31. Qe4 Rh6 32. Qxg4+ Qxg4 33. hxg4 Nd4
34. Rxd4 exd4 35. Bxd4+ Kh7 36. Nd5 Bxd5 37. cxd5 Rg6 38. gxf3 Rg5 39. Rd3 Rxd5
40. f4 Re7 41. f3 Re2 42. a4 b5 43. axb5 Rxb5 44. Kf1 Ra2 45. f5 Rd5 46. Ke1 a5
47. Kd1 a4 48. b4 a3 49. Kc1 Rg2 50. Kb1 a2+ 51. Ka1 Kg8 52. f6 Kf7 53. g5
Rdxg5 54. Bb2 Rb5 55. Rb3 d5 56. Kxa2 d4 57. Ka3 Rd2 58. f4 Rd5 59. b5 d3 60.
b6 Rxb2 61. Rxb2 d2 62. Rxd2 Rxd2 63. Kb4 Rd8 64. Kc5 Ke6 0-1

[Event "11PCR_F"]
[Site "?"]
[Date "2002.??.??"]
[Round "?"]
[White "Doubek, Svatopluk"]
[Black "Slavik, Miroslav"]
[Result "1/2-1/2"]
[WhiteElo "2270"]
[BlackElo "2030"]
[PlyCount "119"]
[EventDate "2002.??.??"]
[EventType "corr"]
[SourceDate "2004.??.??"]

1. d4 Nf6 2. c4 e6 3. Nc3 Bb4 4. e3 b6 5. Nge2 Ne4 6. Bd2 Nxd2 7. Qxd2 Bb7 8.
a3 Be7 9. Ng3 O-O 10. d5 a5 11. Bd3 Na6 12. O-O f5 13. Bc2 Bc5 14. Rad1 Qf6 15.
Rfe1 Qh4 16. Qe2 f4 17. exf4 Rxf4 18. Nge4 Raf8 19. Nxc5 Nxc5 20. f3 exd5 21.
cxd5 R4f7 22. d6 cxd6 23. Rxd6 Rf6 24. Rxf6 Rxf6 25. Qe8+ Rf8 26. Qe7 Qf4 27.
Bb1 h6 28. Ba2+ Kh7 29. Rd1 a4 30. Qd6 Qe3+ 31. Kh1 Re8 32. h3 Bc6 33. Bb1+ Kg8
34. Qg6 Re5 35. Ba2+ Nb3 36. Qd3 b5 37. Qxe3 Rxe3 38. Bxb3+ axb3 39. Kg1 Re5
40. Kf2 Kf7 41. Rd4 g5 42. Rb4 Ke6 43. Rxb3 h5 44. Ne2 h4 45. Nd4+ Kd6 46. Rd3
Kc5 47. b4+ Kb6 48. g3 hxg3+ 49. Kxg3 Rd5 50. f4 gxf4+ 51. Kxf4 d6 52. h4 Bd7
53. Rd2 Kc7 54. Ke4 Rh5 55. Rc2+ Kd8 56. Rh2 Ke7 57. Ne2 Re5+ 58. Kd4 Be8 59.
Ng3 Bh5 60. Ne4 1/2-1/2

[Event "11PCR_F"]
[Site "?"]
[Date "2002.??.??"]
[Round "?"]
[White "Canibal, Jaromir"]
[Black "Jakimic, Viktor"]
[Result "1-0"]
[WhiteElo "2230"]
[BlackElo "2095"]
[PlyCount "87"]
[EventDate "2002.??.??"]
[EventType "corr"]
[SourceDate "2004.??.??"]

1. e4 c5 2. c3 e6 3. d4 d5 4. e5 Nc6 5. f4 Qb6 6. Nf3 cxd4 7. cxd4 Be7 8. Nc3
Bd7 9. f5 O-O-O 10. fxe6 Bxe6 11. Bb5 Bb4 12. Bxc6 Bxc3+ 13. bxc3 Qxc6 14. O-O
Kb8 15. Qb3 Rc8 16. Ng5 Nh6 17. Bd2 Rc7 18. a4 Nf5 19. Qb5 Qxb5 20. axb5 h6 21.
Nh3 g5 22. Nf2 Rhc8 23. Ra3 f6 24. exf6 Nd6 25. Re1 Nxb5 26. Rb3 Bd7 27. h4
Nxc3 28. f7 Nb5 29. Rf3 Rf8 30. Bb4 Rcc8 31. Bxf8 Rxf8 32. hxg5 hxg5 33. Re5
Nxd4 34. Rf6 Kc7 35. Nh3 Ne6 36. Nxg5 Nxg5 37. Rxg5 Kd8 38. Re5 b6 39. g4 Bxg4
40. Rg6 Rxf7 41. Rxg4 Rd7 42. Kf2 Kc7 43. Ke3 Kc6 44. Kd4 1-0

[Event "11PCR_F"]
[Site "?"]
[Date "2002.??.??"]
[Round "?"]
[White "Nedoma, Petr"]
[Black "Batka, Josef"]
[Result "0-1"]
[WhiteElo "2200"]
[BlackElo "2115"]
[PlyCount "141"]
[EventDate "2002.??.??"]
[EventType "corr"]
[SourceDate "2004.??.??"]

1. e4 c5 2. Nf3 Nc6 3. d4 cxd4 4. Nxd4 e5 5. Nb5 d6 6. Bc4 a6 7. N5c3 Nf6 8.
O-O Be6 9. Bd5 Be7 10. Nd2 O-O 11. a3 Rc8 12. Nb3 Bxd5 13. exd5 Na5 14. Nxa5
Qxa5 15. Re1 Rc4 16. Qf3 Rfc8 17. Bd2 Qc7 18. Rad1 h6 19. Re3 Qd7 20. Qe2 Qf5
21. Rg3 Kh7 22. Rc1 Bd8 23. Rf3 Qh5 24. Qe3 Ba5 25. b4 Bd8 26. Qa7 Rd4 27. Rh3
Qf5 28. Rf3 Qd7 29. Rd3 Rxd3 30. cxd3 Nxd5 31. Nxd5 Rxc1+ 32. Bxc1 Qc6 33. Qe3
Qxd5 34. Qe4+ Qxe4 35. dxe4 Kg6 36. f3 Kf6 37. Kf2 Ke6 38. Ke2 b5 39. Bb2 d5
40. Kd3 f5 41. h3 Bg5 42. Bc3 dxe4+ 43. fxe4 g6 44. Bb2 h5 45. Bc3 Bc1 46. Kc2
Bxa3 47. Bd2 a5 48. bxa5 Bc5 49. Kd3 Bd4 50. Bb4 Kd7 51. Be1 Kc6 52. Bb4 Kd7
53. Be1 Kc6 54. Bb4 Bc5 55. Bc3 Bd6 56. Be1 Kb7 57. h4 Ka6 58. Bd2 b4 59. exf5
gxf5 60. Kc4 Kxa5 61. Kd5 e4 62. Kxd6 Ka4 63. Ke5 b3 64. Bc3 Ka3 65. Kxf5 e3
66. Kf4 e2 67. Kg3 e1=Q+ 68. Bxe1 b2 69. Bf2 b1=Q 70. Kh2 Qf5 71. Bg3 0-1

[Event "11PCR_F"]
[Site "?"]
[Date "2002.??.??"]
[Round "?"]
[White "Thoma, Otomar"]
[Black "Chvojka, Jaroslav"]
[Result "1-0"]
[WhiteElo "2185"]
[BlackElo "2125"]
[PlyCount "117"]
[EventDate "2002.??.??"]
[EventType "corr"]
[SourceDate "2004.??.??"]

1. e4 c6 2. d4 d5 3. e5 Bf5 4. Nf3 e6 5. c4 dxc4 6. Bxc4 Nd7 7. O-O Nb6 8. Bb3
Bg4 9. Nbd2 Ne7 10. h3 Bf5 11. Re1 Ned5 12. Nf1 Be7 13. Ng3 Bg6 14. Bc2 O-O 15.
Bxg6 hxg6 16. Ne4 Qc7 17. Bg5 a5 18. a3 Rad8 19. Rc1 Nc8 20. Qd2 a4 21. Nc5
Ncb6 22. Bxe7 Qxe7 23. Qg5 Qxg5 24. Nxg5 Rb8 25. Nge4 Rfe8 26. Nd6 Re7 27. Rb1
Nc8 28. Nxc8 Rxc8 29. Nxa4 f5 30. Nc5 Kf7 31. Rbc1 Rh8 32. Kh2 g5 33. Kg3 Rc7
34. Rc4 Rh4 35. Rd1 g6 36. a4 b6 37. Nb3 c5 38. Nd2 Rxd4 39. Rxd4 cxd4 40. Nf3
Rc4 41. Rxd4 Rxd4 42. Nxd4 Nb4 43. Nf3 Nd3 44. Nxg5+ Ke7 45. b3 Nxe5 46. f4 Nd3
47. Nf3 Kf6 48. h4 Nc5 49. Nd2 Kf7 50. Nc4 Nxb3 51. Nxb6 Na5 52. Nd7 Ke7 53.
Ne5 Kf6 54. Kf3 Kg7 55. Ke3 Nb3 56. Nc6 Nc5 57. a5 Kh6 58. Nb4 Kh5 59. a6 1-0

[Event "11PCR_F"]
[Site "?"]
[Date "2002.??.??"]
[Round "?"]
[White "Valenta, Josef"]
[Black "Vinklarek, Vlastimil"]
[Result "1-0"]
[WhiteElo "2160"]
[BlackElo "2135"]
[PlyCount "77"]
[EventDate "2002.??.??"]
[EventType "corr"]
[SourceDate "2004.??.??"]

1. d4 Nf6 2. c4 e6 3. Nc3 d5 4. cxd5 exd5 5. Bg5 Be7 6. e3 c6 7. Nf3 h6 8. Bf4
Qb6 9. a3 O-O 10. Bd3 Bg4 11. Na4 Qa5+ 12. b4 Bxf3 13. gxf3 Qd8 14. Rg1 Kh8 15.
Nc5 b6 16. Na6 Bd6 17. Be5 Nxa6 18. Bxa6 c5 19. Rb1 cxb4 20. axb4 Rb8 21. f4 b5
22. Qd3 Bxe5 23. dxe5 Ne4 24. Rc1 Rb6 25. Bc8 Qh4 26. Rf1 Rg6 27. Qc2 Rg2 28.
Bb7 Qxh2 29. Bxd5 Rxf2 30. Rxf2 Qg1+ 31. Ke2 Qxf2+ 32. Kd3 Qxc2+ 33. Rxc2 f5
34. Kd4 Rd8 35. Ra2 Rd7 36. e6 Rc7 37. Bxe4 fxe4 38. Ke5 Kh7 39. Rd2 1-0

[Event "11PCR_F"]
[Site "?"]
[Date "2002.??.??"]
[Round "?"]
[White "Splichal, Josef"]
[Black "Cervenka, Jan"]
[Result "1-0"]
[WhiteElo "2155"]
[BlackElo "2155"]
[PlyCount "93"]
[EventDate "2002.??.??"]
[EventType "corr"]
[SourceDate "2004.??.??"]

1. e4 e5 2. Nf3 Nc6 3. Bb5 a6 4. Ba4 Nf6 5. O-O Be7 6. Re1 b5 7. Bb3 d6 8. c3
O-O 9. h3 Na5 10. Bc2 c5 11. d4 Qc7 12. Nbd2 cxd4 13. cxd4 Bd7 14. Nf1 Rac8 15.
Ne3 Nc6 16. dxe5 dxe5 17. Nd5 Nxd5 18. exd5 Nb4 19. Bb1 Qd6 20. Nxe5 Nxd5 21.
Nxd7 Qxd7 22. Qf3 Rc5 23. Bd2 Bf6 24. Bf5 Qc7 25. Rab1 Ne7 26. Be4 Rc4 27. b3
Rd4 28. Rbc1 Qb8 29. Ba5 Re8 30. Bb7 Rf4 31. Bc7 Rxf3 32. Bxb8 Rc3 33. Bc7 b4
34. Rxc3 bxc3 35. a4 a5 36. g3 c2 37. Bxa5 Bb2 38. Bd2 Rd8 39. Rxe7 Ba3 40. Rc7
Rxd2 41. Rc8+ Bf8 42. Kg2 Rd3 43. Rxc2 Rxb3 44. Rc7 Rd3 45. Ba6 Rd4 46. a5 Re4
47. Bb5 1-0

[Event "11PCR_F"]
[Site "?"]
[Date "2002.??.??"]
[Round "?"]
[White "Boleslav, Petr"]
[Black "Cervenka, Jan"]
[Result "1-0"]
[WhiteElo "1735"]
[BlackElo "2155"]
[PlyCount "83"]
[EventDate "2002.??.??"]
[EventType "corr"]
[SourceDate "2004.??.??"]

1. e4 e5 2. Nf3 Nc6 3. Bb5 a6 4. Ba4 Nf6 5. O-O Be7 6. Re1 b5 7. Bb3 d6 8. c3
O-O 9. d4 Bg4 10. d5 Na5 11. Bc2 c6 12. h3 Bxf3 13. Qxf3 cxd5 14. exd5 Nc4 15.
Nd2 Nb6 16. Bb3 a5 17. Qd3 Qd7 18. a3 a4 19. Ba2 Rab8 20. Nf1 Ne8 21. Ne3 Bg5
22. Nc2 Bxc1 23. Raxc1 f5 24. Nb4 Nc7 25. Nc6 Rb7 26. Nxe5 dxe5 27. d6+ Kh8 28.
Rxe5 Ne8 29. Rd1 Qd8 30. Rxf5 Rxf5 31. Qxf5 Nf6 32. Qxb5 Rd7 33. Qb4 Nc8 34.
Qxa4 Nxd6 35. c4 Qc7 36. b4 Re7 37. c5 Nde4 38. Qc2 Re8 39. Bc4 Rf8 40. Bd3 Ng5
41. c6 Ne6 42. Bf5 1-0

[Event "11PCR_F"]
[Site "?"]
[Date "2002.??.??"]
[Round "?"]
[White "Vinklarek, Vlastimil"]
[Black "Splichal, Josef"]
[Result "0-1"]
[WhiteElo "2135"]
[BlackElo "2155"]
[PlyCount "72"]
[EventDate "2002.??.??"]
[EventType "corr"]
[SourceDate "2004.??.??"]

1. d4 Nf6 2. c4 c5 3. d5 e6 4. Nc3 exd5 5. cxd5 d6 6. Nf3 g6 7. g3 Bg7 8. Bg2
O-O 9. O-O Nbd7 10. Nd2 a6 11. a4 Re8 12. e4 Ne5 13. Qc2 Rb8 14. f4 Neg4 15.
Nf3 c4 16. Re1 Qb6+ 17. Kh1 Nf2+ 18. Kg1 Nd3+ 19. Be3 Nxe1 20. Rxe1 Qa5 21. Ba7
Ra8 22. Bf2 b5 23. axb5 axb5 24. Nd4 Bd7 25. b4 cxb3 26. Nxb3 Qb4 27. Na2 Qc4
28. Qxc4 bxc4 29. Nbc1 Ng4 30. Re2 f5 31. Bf3 fxe4 32. Rxe4 Rxe4 33. Bxe4 Nxf2
34. Kxf2 Bd4+ 35. Kg2 Be3 36. Kf3 Ra3 0-1

[Event "11PCR_F"]
[Site "?"]
[Date "2002.??.??"]
[Round "?"]
[White "Chvojka, Jaroslav"]
[Black "Valenta, Josef"]
[Result "1-0"]
[WhiteElo "2125"]
[BlackElo "2160"]
[PlyCount "127"]
[EventDate "2002.??.??"]
[EventType "corr"]
[SourceDate "2004.??.??"]

1. d4 Nf6 2. Bg5 c6 3. Nc3 Qb6 4. Rb1 d5 5. e3 Bg4 6. f3 Bf5 7. Bd3 h6 8. Bxf6
Bxd3 9. Qxd3 gxf6 10. Nge2 Rg8 11. O-O e6 12. Qh7 Rg5 13. Qh8 Nd7 14. h4 Rg7
15. Nf4 e5 16. Nh5 Rg6 17. Ne2 f5 18. Qh7 f4 19. exf4 exd4 20. Kh2 Nf6 21.
Nxf6+ Rxf6 22. Ng3 O-O-O 23. Nh5 c5 24. Nxf6 Qxf6 25. g3 Bd6 26. Qd3 Bxf4 27.
Kh3 c4 28. Qe2 Qf5+ 29. g4 Qf6 30. Rbe1 Be3 31. b3 c3 32. f4 h5 33. gxh5 Rg8
34. f5 Re8 35. Qg2 Re4 36. Qg3 Qh8 37. h6 Bxh6 38. Rxe4 dxe4 39. Qg4 Qe8 40.
Re1 Be3 41. h5 Kb8 42. h6 Qh8 43. Qg3+ Kc8 44. Qg7 Qxh6+ 45. Qxh6 Bxh6 46. Rxe4
Bg7 47. Kg4 d3 48. cxd3 b5 49. Re2 b4 50. Re4 a5 51. Rc4+ Kd8 52. Kf4 Kd7 53.
d4 Bf8 54. d5 Bd6+ 55. Ke3 Be7 56. Rc6 Bg5+ 57. Kd3 Bd8 58. a4 bxa3 59. Kxc3
Be7 60. Kc2 Bb4 61. Kb1 Bd6 62. Ka2 Be7 63. f6 Bb4 64. Ra6 1-0

[Event "11PCR_F"]
[Site "?"]
[Date "2002.??.??"]
[Round "?"]
[White "Batka, Josef"]
[Black "Thoma, Otomar"]
[Result "1/2-1/2"]
[WhiteElo "2115"]
[BlackElo "2185"]
[PlyCount "97"]
[EventDate "2002.??.??"]
[EventType "corr"]
[SourceDate "2004.??.??"]

1. e4 c5 2. c3 d5 3. exd5 Qxd5 4. d4 Nf6 5. Nf3 Bg4 6. Be2 e6 7. h3 Bh5 8. O-O
Nc6 9. Be3 cxd4 10. Nxd4 Bxe2 11. Qxe2 Be7 12. Nb5 Qd8 13. Rd1 Qb8 14. Nd2 O-O
15. Nf3 Rd8 16. Rxd8+ Qxd8 17. Rd1 Qa5 18. a3 a6 19. Nbd4 Rd8 20. Nxc6 bxc6 21.
Rxd8+ Bxd8 22. c4 h6 23. Qd3 Be7 24. b4 Qc7 25. Qd4 Nd7 26. Bf4 Qb7 27. Bd6 Bf6
28. Qe4 Qb6 29. a4 Bc3 30. Qd3 Bf6 31. a5 Qb7 32. Qe4 Bc3 33. Nd4 Bxb4 34. Nxc6
Kh8 35. Bxb4 Nb8 36. Bc3 Nxc6 37. Qf4 Kg8 38. Qg3 g6 39. Qf4 h5 40. g3 Kf8 41.
Qd6+ Ke8 42. Bg7 Ne7 43. Bf6 Nc6 44. Kh2 Qd7 45. Qc5 Qb7 46. Bc3 Qa8 47. Qb6
Qc8 48. c5 e5 49. Bd2 1/2-1/2

[Event "11PCR_F"]
[Site "?"]
[Date "2002.??.??"]
[Round "?"]
[White "Jakimic, Viktor"]
[Black "Nedoma, Petr"]
[Result "0-1"]
[WhiteElo "2095"]
[BlackElo "2200"]
[PlyCount "52"]
[EventDate "2002.??.??"]
[EventType "corr"]
[SourceDate "2004.??.??"]

1. d4 Nf6 2. c4 e6 3. Nc3 Bb4 4. a3 Bxc3+ 5. bxc3 O-O 6. e3 d6 7. Nf3 Qe7 8.
Be2 c5 9. O-O e5 10. d5 Bg4 11. h3 Bh5 12. g4 Bg6 13. Nh4 e4 14. Rb1 b6 15.
Nxg6 fxg6 16. Bd2 Nbd7 17. Qc2 Ne5 18. f4 exf3 19. Rxf3 Nxf3+ 20. Bxf3 Nd7 21.
Qe4 Qh4 22. Be1 Qh6 23. h4 g5 24. Qe6+ Qxe6 25. dxe6 Rxf3 26. exd7 Rf7 0-1

[Event "11PCR_F"]
[Site "?"]
[Date "2002.??.??"]
[Round "?"]
[White "Slavik, Miroslav"]
[Black "Canibal, Jaromir"]
[Result "1/2-1/2"]
[WhiteElo "2030"]
[BlackElo "2230"]
[PlyCount "50"]
[EventDate "2002.??.??"]
[EventType "corr"]
[SourceDate "2004.??.??"]

1. d4 Nf6 2. c4 g6 3. Nc3 Bg7 4. e4 d6 5. f3 O-O 6. Be3 Nc6 7. Qd2 a6 8. Nge2
Rb8 9. Nc1 e5 10. d5 Nd4 11. N1e2 Nxe2 12. Bxe2 Nh5 13. g4 Nf4 14. Bxf4 exf4
15. Qxf4 Be5 16. Qe3 Qh4+ 17. Qf2 Qf6 18. Rc1 c5 19. Rc2 Bd7 20. Nd1 b5 21. Bd3
b4 22. Re2 a5 23. Ne3 a4 24. O-O g5 25. Kg2 Rfe8 1/2-1/2

[Event "11PCR_F"]
[Site "?"]
[Date "2002.??.??"]
[Round "?"]
[White "Jarabinsky, Martin"]
[Black "Doubek, Svatopluk"]
[Result "0-1"]
[WhiteElo "2000"]
[BlackElo "2270"]
[PlyCount "118"]
[EventDate "2002.??.??"]
[EventType "corr"]
[SourceDate "2004.??.??"]

1. d4 d5 2. c4 e6 3. Nc3 c6 4. Nf3 dxc4 5. a4 Bb4 6. e3 b5 7. Bd2 a5 8. axb5
Bxc3 9. Bxc3 cxb5 10. b3 Bb7 11. bxc4 b4 12. Bb2 Nf6 13. Bd3 Nbd7 14. O-O O-O
15. Qc2 Qc7 16. Ne5 h6 17. f4 Rfb8 18. e4 b3 19. Qxb3 Bxe4 20. Qc2 Bxd3 21.
Nxd3 Nd5 22. Rf2 Ne3 23. Qc1 Nf5 24. g4 Nd6 25. c5 Ne4 26. Re2 Qc6 27. g5 hxg5
28. fxg5 Rb3 29. Nf2 Nxf2 30. Rxf2 Nf8 31. Ra3 Rxa3 32. Bxa3 Ng6 33. Bb2 a4 34.
Qc3 Qd5 35. Qg3 a3 36. Ba1 Ra4 37. Qg2 Qd8 38. Qg4 Rb4 39. Rf1 a2 40. Qe4 Qxg5+
41. Qg2 Qxg2+ 42. Kxg2 Rb1 43. d5 exd5 44. c6 Ne7 45. c7 f6 46. Kf2 Kf7 47. Re1
Nc8 48. h4 g6 49. Bd4 f5 50. Ba1 Rxe1 51. Kxe1 Ke7 52. Kd2 Kd7 53. Kc1 Nd6 54.
Kb2 Kxc7 55. Kxa2 f4 56. Bd4 f3 57. Kb3 Ne4 58. Kc2 f2 59. Bxf2 Nxf2 0-1

[Event "11PCR_F"]
[Site "?"]
[Date "2002.??.??"]
[Round "?"]
[White "Pospisil, Ludvik"]
[Black "Nosek, Jaroslav"]
[Result "1-0"]
[WhiteElo "2390"]
[BlackElo "2285"]
[PlyCount "91"]
[EventDate "2002.??.??"]
[EventType "corr"]
[SourceDate "2004.??.??"]

1. e4 e6 2. d4 d5 3. e5 c5 4. c3 Nc6 5. Nf3 Qb6 6. a3 Nge7 7. dxc5 Qxc5 8. b4
Qb6 9. c4 Bd7 10. Bb2 g6 11. Nbd2 Bg7 12. b5 Na5 13. Bd4 Qd8 14. cxd5 Nxd5 15.
Ne4 O-O 16. Bd3 Rc8 17. O-O b6 18. Qb1 Nb7 19. Rd1 Nc5 20. Nd6 Rc7 21. Bc4 Qa8
22. a4 Ne7 23. a5 Qb8 24. Qa2 Nf5 25. Bxc5 bxc5 26. Qe2 Nxd6 27. Rxd6 Rd8 28.
Ng5 Be8 29. Rad1 Rcc8 30. Qe4 h6 31. Nxe6 fxe6 32. Bxe6+ Kh7 33. Bxc8 Rxd6 34.
exd6 Qxc8 35. b6 axb6 36. axb6 Bc6 37. d7 Qxd7 38. Rxd7 Bxe4 39. b7 Bxb7 40.
Rxb7 c4 41. f4 c3 42. g4 g5 43. f5 Kg8 44. Rc7 Be5 45. Rc6 Kf7 46. h3 1-0

[Event "11PCR_F"]
[Site "?"]
[Date "2002.??.??"]
[Round "?"]
[White "Nosek, Jaroslav"]
[Black "Boleslav, Petr"]
[Result "1/2-1/2"]
[WhiteElo "2285"]
[BlackElo "1735"]
[PlyCount "41"]
[EventDate "2002.??.??"]
[EventType "corr"]
[SourceDate "2004.??.??"]

1. e4 c5 2. Nf3 d6 3. d4 cxd4 4. Nxd4 Nf6 5. Nc3 a6 6. Bg5 e6 7. f4 Qb6 8. Nb3
Be7 9. Qf3 Nbd7 10. Be2 Qc7 11. a4 h6 12. Qh3 Nc5 13. Nd2 Bd7 14. O-O Bc6 15.
f5 Nfxe4 16. Ndxe4 Nxe4 17. Bxe7 Qxe7 18. fxe6 Qxe6 19. Bg4 Qe7 20. Nxe4 Bxe4
21. Rae1 1/2-1/2

[Event "11PCR_F"]
[Site "?"]
[Date "2002.??.??"]
[Round "?"]
[White "Doubek, Svatopluk"]
[Black "Pospisil, Ludvik"]
[Result "1/2-1/2"]
[WhiteElo "2270"]
[BlackElo "2390"]
[PlyCount "81"]
[EventDate "2002.??.??"]
[EventType "corr"]
[SourceDate "2004.??.??"]

1. e4 e5 2. Nf3 d6 3. d4 exd4 4. Qxd4 a6 5. Bg5 Nc6 6. Bxd8 Nxd4 7. Nxd4 Kxd8
8. Bc4 Nh6 9. O-O c6 10. Nd2 Kc7 11. Rfe1 b5 12. Bb3 Bd7 13. c4 g6 14. cxb5
axb5 15. Rac1 c5 16. Bd5 Ra7 17. N4f3 Kb6 18. e5 dxe5 19. Nxe5 f6 20. Nef3 Bf5
21. a3 Bd6 22. Be6 Bd3 23. Ne4 Bxe4 24. Rxe4 Re7 25. Rce1 f5 26. R4e2 Rhe8 27.
Kf1 Ng4 28. h3 Nf6 29. g4 fxg4 30. hxg4 Kc6 31. Ng5 h5 32. gxh5 gxh5 33. Nf3
Nd5 34. Bxd5+ Kxd5 35. Rd1+ Kc6 36. Rc2 Be5 37. Rdc1 Kb6 38. Rd1 Rf7 39. Nxe5
Rxe5 40. Rd6+ Kc7 41. Rcd2 1/2-1/2

[Event "11PCR_F"]
[Site "?"]
[Date "2002.??.??"]
[Round "?"]
[White "Canibal, Jaromir"]
[Black "Jarabinsky, Martin"]
[Result "1-0"]
[WhiteElo "2230"]
[BlackElo "2000"]
[PlyCount "59"]
[EventDate "2002.??.??"]
[EventType "corr"]
[SourceDate "2004.??.??"]

1. e4 c5 2. c3 d5 3. exd5 Qxd5 4. d4 Nf6 5. Nf3 e6 6. Na3 Qd8 7. Nc4 Be7 8. Bd3
cxd4 9. Nxd4 Nc6 10. Nxc6 bxc6 11. O-O Ba6 12. Qe2 Bxc4 13. Bxc4 O-O 14. Be3
Nd7 15. Rad1 Qb8 16. Rxd7 Re8 17. Ba6 Qe5 18. Qf3 Rad8 19. Qxc6 Rxd7 20. Qxd7
Kf8 21. Bd4 Qg5 22. Qxa7 Qa5 23. Bd3 Qxa7 24. Bxa7 Ra8 25. Bd4 Rxa2 26. Rb1 Bd6
27. c4 Ra4 28. Be3 Rb4 29. c5 Bc7 30. c6 1-0

[Event "11PCR_F"]
[Site "?"]
[Date "2002.??.??"]
[Round "?"]
[White "Nedoma, Petr"]
[Black "Slavik, Miroslav"]
[Result "1-0"]
[WhiteElo "2200"]
[BlackElo "2030"]
[PlyCount "127"]
[EventDate "2002.??.??"]
[EventType "corr"]
[SourceDate "2004.??.??"]

1. e4 c6 2. d4 d5 3. Nd2 dxe4 4. Nxe4 Nd7 5. Bc4 Ngf6 6. Nxf6+ Nxf6 7. c3 Qc7
8. Ne2 e6 9. Ng3 Be7 10. Bg5 O-O 11. O-O h6 12. Bxf6 Bxf6 13. Nh5 Be7 14. Qg4
g6 15. Rfe1 Rd8 16. Rad1 b5 17. Bb3 a5 18. Bc2 Bg5 19. Ng3 Bf4 20. Kh1 e5 21.
Qf3 Be6 22. Ne2 Bg5 23. Qg3 Bf6 24. Nc1 Bg7 25. dxe5 Rxd1 26. Bxd1 Rd8 27. f4
Rd2 28. b3 Qd7 29. Be2 Bf8 30. h4 Ba3 31. Bf3 Kh7 32. Kh2 Bd5 33. Bxd5 cxd5 34.
Qf3 Qd8 35. Qg3 Be7 36. Rf1 Bxh4 37. Qe3 Rc2 38. Qd3 Bf2 39. g3 Rb2 40. Kh3
Qd7+ 41. f5 gxf5 42. Ne2 Bc5 43. g4 Rxa2 44. Rxf5 Kg8 45. Nf4 Ra1 46. e6 fxe6
47. Rf6 Qh7 48. Rg6+ Kh8 49. Qe2 Rh1+ 50. Kg2 Rg1+ 51. Kf3 Bf8 52. Qe5+ Bg7 53.
Qxe6 Rf1+ 54. Kg3 Rxf4 55. Kxf4 a4 56. bxa4 bxa4 57. Qf5 a3 58. Ra6 Qg8 59. Kf3
Qe8 60. Qxd5 Qf8+ 61. Kg3 Qe7 62. Ra8+ Bf8 63. Kf4 Kg7 64. Qe5+ 1-0

[Event "11PCR_F"]
[Site "?"]
[Date "2002.??.??"]
[Round "?"]
[White "Thoma, Otomar"]
[Black "Jakimic, Viktor"]
[Result "1-0"]
[WhiteElo "2185"]
[BlackElo "2095"]
[PlyCount "67"]
[EventDate "2002.??.??"]
[EventType "corr"]
[SourceDate "2004.??.??"]

1. e4 c5 2. Nf3 Nc6 3. Bb5 g6 4. O-O Bg7 5. c3 a6 6. Ba4 b5 7. Bc2 d5 8. d4
cxd4 9. Nxd4 Nxd4 10. cxd4 dxe4 11. Bxe4 Ra7 12. Be3 Nf6 13. Bc6+ Bd7 14. d5
Rc7 15. Bb6 Bxc6 16. dxc6 Qxd1 17. Rxd1 Rc8 18. Nc3 e6 19. c7 Nd7 20. Ba5 Be5
21. Ne4 Bxb2 22. Nd6+ Ke7 23. Nxc8+ Rxc8 24. Rab1 Be5 25. Rbc1 g5 26. Rd3 Ke8
27. Kf1 h5 28. h4 gxh4 29. Rc5 Bf6 30. Rxh5 Ke7 31. Ke2 Be5 32. Rxd7+ Kxd7 33.
Rxe5 f5 34. Kf3 1-0

[Event "11PCR_F"]
[Site "?"]
[Date "2002.??.??"]
[Round "?"]
[White "Valenta, Josef"]
[Black "Batka, Josef"]
[Result "1-0"]
[WhiteElo "2160"]
[BlackElo "2115"]
[PlyCount "83"]
[EventDate "2002.??.??"]
[EventType "corr"]
[SourceDate "2004.??.??"]

1. d4 Nf6 2. c4 c5 3. d5 e6 4. Nc3 exd5 5. cxd5 d6 6. Nf3 g6 7. e4 Bg7 8. Bd3
O-O 9. O-O Bg4 10. h3 Bxf3 11. Qxf3 a6 12. a4 Nbd7 13. Bf4 Qc7 14. Bh2 Rae8 15.
Bc2 Ne5 16. Qe2 Re7 17. a5 c4 18. Rfc1 Bh6 19. f4 Ned7 20. Re1 Bg7 21. Qf3 Nc5
22. Kh1 Nfd7 23. Bg3 Rb8 24. Bh4 Ree8 25. Bf2 b5 26. axb6 Qxb6 27. Ra2 Qc7 28.
Rd1 Rb4 29. Be1 Reb8 30. Na4 R4b7 31. Bc3 Nb3 32. Bxg7 Kxg7 33. Qg3 f6 34. Nc3
a5 35. Ne2 Rb4 36. f5 Ne5 37. Nf4 Nc5 38. fxg6 hxg6 39. Rf1 Rxb2 40. Rxb2 Rxb2
41. Nh5+ Kf8 42. Nxf6 1-0

[Event "11PCR_F"]
[Site "?"]
[Date "2002.??.??"]
[Round "?"]
[White "Splichal, Josef"]
[Black "Chvojka, Jaroslav"]
[Result "1/2-1/2"]
[WhiteElo "2155"]
[BlackElo "2125"]
[PlyCount "95"]
[EventDate "2002.??.??"]
[EventType "corr"]
[SourceDate "2004.??.??"]

1. e4 e5 2. Nf3 Nc6 3. Bb5 a6 4. Ba4 Nf6 5. O-O Be7 6. Re1 b5 7. Bb3 d6 8. c3
O-O 9. h3 Bb7 10. d4 Na5 11. Bc2 c5 12. dxe5 dxe5 13. Nxe5 Qxd1 14. Rxd1 Bxe4
15. Bxe4 Nxe4 16. Re1 Rad8 17. Nf3 f5 18. Nbd2 Nxd2 19. Bxd2 Rfe8 20. Rad1 Nc4
21. Bc1 Bf6 22. Rxe8+ Rxe8 23. Kf1 Kf7 24. Rd7+ Kg6 25. Rc7 Rd8 26. Ke2 Re8+
27. Kd1 Rd8+ 28. Kc2 Re8 29. b3 Ne5 30. Nxe5+ Rxe5 31. Be3 f4 32. Bxc5 Re2+ 33.
Kd3 Rxa2 34. Rd7 Kf5 35. Rd5+ Ke6 36. Rd6+ Ke5 37. c4 Be7 38. Rd5+ Ke6 39. Bxe7
Kxe7 40. cxb5 axb5 41. Rxb5 Rxf2 42. Re5+ Kf6 43. Re2 Rf1 44. b4 f3 45. gxf3
Rxf3+ 46. Re3 Rxe3+ 47. Kxe3 g5 48. b5 1/2-1/2

[Event "11PCR_F"]
[Site "?"]
[Date "2002.??.??"]
[Round "?"]
[White "Cervenka, Jan"]
[Black "Vinklarek, Vlastimil"]
[Result "1-0"]
[WhiteElo "2155"]
[BlackElo "2135"]
[PlyCount "71"]
[EventDate "2002.??.??"]
[EventType "corr"]
[SourceDate "2004.??.??"]

1. e4 e6 2. d4 c5 3. Nf3 cxd4 4. Nxd4 Nf6 5. Nc3 d6 6. Be3 Be7 7. Be2 O-O 8.
O-O Nc6 9. f4 Bd7 10. Nb3 Na5 11. e5 Ne8 12. Qd3 a6 13. Rad1 Nxb3 14. axb3 Qc7
15. f5 Rd8 16. Qc4 Qxc4 17. bxc4 Bc6 18. fxe6 fxe6 19. Bg4 Rxf1+ 20. Rxf1 Bd7
21. Rd1 Kf7 22. Bb6 Rc8 23. exd6 Bd8 24. Bxd8 Rxd8 25. c5 b6 26. cxb6 Rb8 27.
Ne4 Rxb6 28. c4 Nf6 29. c5 Rxb2 30. Nxf6 gxf6 31. Bf3 f5 32. c6 Ke8 33. cxd7+
Kxd7 34. Bc6+ Kd8 35. d7 Rb8 36. Rc1 1-0